Initial growth of indigenous timber species by open planting technique on degraded forest land

Bibliographic Details
Main Author: SUHAILI bin Hj. Rosli
Format: Book
Published: Serdang, Selangor : University Pertanian Malaysia , 1996
Subjects:

MARC

LEADER 00000cam a2200000 7i4500
001 0000000897
005 20140405.0
090 0 0 |a R THE634.9565   |b SUH 1996 
100 0 0 |a SUHAILI bin Hj. Rosli 
245 1 0 |a Initial growth of indigenous timber species by open planting technique on degraded forest land   |c Suhaili bin Hj. Rosli 
260 0 0 |a Serdang, Selangor :   |b University Pertanian Malaysia ,   |c 1996 
300 |a xiii, 84 p. :   |b col. ill. ;   |c 30 cm. 
500 0 0 |a Bachelor of Forest Science (Universiti Pertanian Malaysia), 1996 
500 0 0 |a Bibliography: [p. 64-69] 
650 0 0 |a Timber 
650 0 0 |a Tree planting 
998 |a JPSM 
999 |a 0000001914   |b Monograph   |c Thesis   |e Default branch